| 000 | 00979nam a22002177a 4500 | ||
|---|---|---|---|
| 999 |
_c2282 _d2282 |
||
| 003 | AR-CdUCM | ||
| 008 | 190304b ||||| |||| 00| 0 spa d | ||
| 040 |
_aMUNICIPALIDAD PROVINCIAL DEL CUSCO _cBIBLIOTECA MUNICIPAL DEL CUSCO |
||
| 082 |
_a343.332 / _bR34 |
||
| 100 |
_aComisión Ejecutiva del Poder Judicial (Perú) _98241 |
||
| 245 |
_aReforma del poder judicial : _bla reforma en cifras. Informe al 30 de setiembre de 1999 / |
||
| 260 |
_aLima : _bDesign Magic, _c2000. |
||
| 300 |
_a274 paginas ; _bDiagramas, _c25 cm. |
||
| 505 | _a Contenido: La OCMA y el proceso de reforma y modernización del poder judicial -- Estructura orgánica de la OCMA -- Oficina de inspectoria general -- Módulos básicas de justicia -- Despachos judiciales itinerantes -- Justicia de Paz... | ||
| 650 |
_aEstado y Derecho _98242 |
||
| 650 |
_aLeyes orgánicas _98243 |
||
| 650 |
_aPoder judicial _96955 |
||
| 650 |
_aReformas constitucionales _96435 |
||
| 942 |
_2ddc _cLIBROS |
||
| 945 | _awnts | ||